000 00589nam a22001337a 4500
040 _cRUA
082 _aAGR KIM 2017 B663 Or.1
100 _aKIM BUNNA គឹម ប៉ុណ្ណា
245 _acomparison of diferent chemical liquid fertilizers level on chinese spinach ប្រៀបធៀបកម្រិតជីគីមីខុសគ្នាលើដំណាំស្ពៃចង្កឹះ
260 _aRUA
_bPhnom penh
_c2017
300 _aix;29p
_bill;
_c29cm
856 _uhttps://drive.google.com/file/d/1htoPmcQtZUN-CKlvTQi6TYpFCv1Nvf9z/view?usp=sharing
942 _cAGR
999 _c19187
_d19187